000 00410nam a2200157Ia 4500
008 230917s9999||||xx |||||||||||||| ||und||
040 _e204254
_aMAIN
041 _aEnglish
082 _a005.43 S18O
100 _aStallings, William
245 0 _aOperating systems: Internals and design principles
250 _a6th ed.
260 _aNew Delhi
_bPearson education
_c2009
300 _a822 p.
942 _cBK
999 _c147564
_d147564